000 01177nam2a22002531 4500
001 RU\NLR\INFOCOMM10\1000139528
005 20250617172459.0
035 _a(NLR Aleph) 002848255
090 _a2993421
_c2993421
100 _a20040126d1932 |||y0rusy50 ca
101 0 _arus
102 _aRU
105 _ay |||||||||
200 1 _aВоды северного склона Казанджикского Кюрендага
_fСмолко Г.И.
210 _d1932
_aБ. м.
461 0 _1001RU\NLR\INFOCOMM10\1000139357
_12001#$aТруды Всесоюзного геолого-разведочного объединения НКТП СССР$vВып.172
_93998427
_aВсесоюзное геолого-разведочное объединение
_cЛ.
_d1930-1935
_nОНТИ. Глав. ред. геолого-развед. и геодез. лит.
_tТруды Всесоюзного геолого-разведочного объединения НКТП СССР
_vВып.172
700 1 _aСмолко
_bГ.И.
_4070
801 1 _aRU
_bInfoComm
_c20040126
801 0 _aRU
_bNLR
_gPSBO
852 _aNLR
_jП8/148
942 _cISSUE
980 _aNB
980 _aRUSPER